Surnoms de cyclistes - Statistiques

Statistiques générales
  • Ce quiz a été pris 47 fois
  • Le résultat moyen est 8 sur 20
Statistiques - réponses
Surnom Coureur % Correct
Le cannibale Eddy Merckx
95%
Poupou Raymond Poulidor
88%
Le pirate Marco Pantani
83%
El pistolero Alberto Contador
73%
Spartacus Fabian Cancellara
59%
L'aigle de Tolède Federico Bahamontes
56%
Man of Man Mark Cavendish
49%
Le panda Laurent Jalabert
46%
Hulk Peter Sagan
37%
Le grand fusil Raphaël Géminiani
32%
L'ange de la montagne Charly Gaul
27%
Lucho Luc Leblanc
27%
La caravelle Jacques Anquetil
24%
Monsieur 60% Bjarne Riis
20%
Gibus Gilbert Duclos-Lassalle
15%
Perico Pedro Delgado
15%
Le miraculé de l'Aubisque Wim van Est
10%
Le cintre Steven Kruijswijk
7%
Le bucheron du Frioul Ottavio Bottecchia
5%
Le dromadaire Tony Rominger
2%
Aucun quiz correspondant
Distribution des résultats
% des personnes avec chaque résultat
Percentile par nombre de réponses
Votre historique - résultats
Vous n’avez pas pris ce quiz